[Event "Elit(Limhamn-Manhem)"]
[Site "?"]
[Date "2008.10.25"]
[Round "1"]
[White "Ahlander, Bjorn"]
[Black "Andersson, Bjorn"]
[Result "0-1"]
[WhiteElo "2530"]
[BlackElo "2338"]
[PlyCount "84"]

1. d4 Nf6 2. c4 g6 3. Nc3 Bg7 4. e4 d6 5. Bg5 c6 6. f4 O-O 7. Nf3 a6 8. e5 Ne8
9. Bd3 f6 10. exf6 exf6 11. Bh4 b5 12. O-O bxc4 13. Bxc4+ d5 14. Bb3 Be6 15.
Re1 Qd6 16. Qe2 Bf7 17. Rac1 Nd7 18. f5 Nb6 19. Bg3 Qb4 20. Qc2 Bh6 21. a3 Qa5
22. Ra1 Nc4 23. Nh4 g5 24. Ng6 hxg6 25. fxg6 Ned6 26. gxf7+ Rxf7 27. Re6 Nb5
28. Rae1 Nxd4 29. Qg6+ Bg7 30. Re7 Raf8 31. Rxf7 Rxf7 32. Bf2 Ne5 33. Rxe5 fxe5
34. Bd1 Qd8 35. Bh5 Rf8 36. Qd3 Qf6 37. Nd1 Qf5 38. Qg3 Qe4 39. Qh3 Ne2+ 40.
Bxe2 Qxe2 41. Qe6+ Rf7 42. Qc8+ Bf8 0-1

[Event "Elit(Limhamn-Manhem)"]
[Site "?"]
[Date "2008.10.25"]
[Round "1"]
[White "Moberg, Karl Johan"]
[Black "Carlsson, Daniel"]
[Result "1/2-1/2"]
[WhiteElo "2308"]
[BlackElo "2296"]
[PlyCount "81"]

1. d4 Nf6 2. c4 g6 3. Nc3 Bg7 4. e4 d6 5. Nf3 O-O 6. Be2 e5 7. d5 a5 8. Bg5 h6
9. Bh4 Na6 10. Nd2 Bd7 11. a3 h5 12. O-O Bh6 13. Nf3 Kg7 14. Rb1 Nc5 15. b4
axb4 16. axb4 Na4 17. Nxa4 Bxa4 18. Qd3 Bd7 19. Ra1 Re8 20. Ra3 Rxa3 21. Qxa3
Bg4 22. h3 Bxf3 23. Bxf6+ Qxf6 24. Bxf3 Rb8 25. Ra1 Bd2 26. Qb2 Bf4 27. Qc2 Qd8
28. g3 Bh6 29. h4 Ra8 30. Qb2 Qb8 31. Ra3 Ra7 32. Qa2 Rxa3 33. Qxa3 Kg8 34. Be2
Bd2 35. Qb2 Bh6 36. Qa3 b6 37. Kg2 Bd2 38. Qb2 Bh6 39. Qa3 Bd2 40. Qb2 Bh6 41.
Qa3 1/2-1/2

[Event "Elit(Limhamn-Manhem)"]
[Site "?"]
[Date "2008.10.25"]
[Round "1"]
[White "Penalver, Osmani"]
[Black "Fendrich, David"]
[Result "1-0"]
[WhiteElo "2271"]
[BlackElo "2284"]
[PlyCount "59"]

1. d4 Nf6 2. c4 c5 3. d5 b5 4. cxb5 a6 5. b6 Bb7 6. Nc3 e6 7. e4 exd5 8. exd5
d6 9. Be2 Nbd7 10. Nh3 Be7 11. O-O O-O 12. Re1 Re8 13. Nf4 Qxb6 14. b3 Qa7 15.
Bb2 Bd8 16. Qc2 Ba5 17. Nh5 Nxh5 18. Bxh5 Ne5 19. Re3 Re7 20. Ne4 Bxd5 21. Nxd6
Ng6 22. Qf5 Rxe3 23. fxe3 Be6 24. Qe4 Rd8 25. Bxg6 Rxd6 26. Qe5 fxg6 27. Qxd6
Bf5 28. e4 c4+ 29. Kh1 c3 30. Ba3 1-0

[Event "Elit(Limhamn-Manhem)"]
[Site "?"]
[Date "2008.10.25"]
[Round "1"]
[White "Ebenfelt, Anders"]
[Black "Helgason, Reynir"]
[Result "0-1"]
[WhiteElo "2208"]
[BlackElo "2394"]
[PlyCount "116"]

1. e4 e5 2. f4 exf4 3. Nf3 Be7 4. Bc4 Nf6 5. e5 Ng4 6. d4 d5 7. exd6 Bxd6 8.
O-O O-O 9. Nc3 Nc6 10. Ne4 h6 11. c3 Re8 12. Nxd6 Qxd6 13. Qb3 Re7 14. Ne5
Ngxe5 15. Bxf4 Nxd4 16. Bxe5 Nxb3 17. Bxd6 cxd6 18. Bxb3 Be6 19. Rfe1 Kf8 20.
Kf2 a5 21. Re4 Bxb3 22. Rxe7 Kxe7 23. axb3 b5 24. Ke3 Kd7 25. Kd4 Kc6 26. Rf1
Ra7 27. Re1 a4 28. b4 a3 29. bxa3 Rxa3 30. Re2 Ra1 31. Rf2 Rd1+ 32. Ke4 d5+ 33.
Ke5 Re1+ 34. Kd4 f6 35. Ra2 Re4+ 36. Kd3 Rg4 37. g3 h5 38. Ra6+ Kc7 39. Ra7+
Kb6 40. Re7 Kc6 41. Re6+ Kc7 42. Re7+ Kd6 43. Rb7 g5 44. Rxb5 h4 45. Rb6+ Ke5
46. b5 hxg3 47. hxg3 Rxg3+ 48. Kc2 Rh3 49. Rb8 Rh7 50. Kd3 g4 51. b6 Kf4 52.
Kd4 Rg7 53. b7 f5 54. Kxd5 g3 55. Ke6 g2 56. Rf8 Rxb7 57. Rxf5+ Kg4 58. Rf8 Rg7
0-1

[Event "Elit(Limhamn-Manhem)"]
[Site "?"]
[Date "2008.10.25"]
[Round "1"]
[White "Tadjerbashi, Amir"]
[Black "Backlund, Anders"]
[Result "1-0"]
[WhiteElo "2265"]
[BlackElo "2261"]
[PlyCount "111"]

1. e4 e6 2. d4 d5 3. Nd2 Nf6 4. e5 Nfd7 5. Bd3 c5 6. c3 b6 7. Ne2 Ba6 8. Bxa6
Nxa6 9. O-O Nc7 10. Nf4 c4 11. Qg4 g6 12. h4 h5 13. Qg3 b5 14. Nf3 Nb6 15. Bd2
Qd7 16. Nh3 Be7 17. Nhg5 Bf8 18. Nh3 Be7 19. Nfg5 Bf8 20. Qf4 Qe7 21. Rfe1 Bh6
22. Rad1 Rf8 23. Re3 O-O-O 24. Rf3 Rd7 25. Qg3 Bg7 26. Nh7 Rh8 27. Bg5 Qe8 28.
Nf6 Bxf6 29. Bxf6 Rg8 30. Ng5 Qf8 31. Qf4 Qh6 32. Nxe6 Qxf4 33. Nxf4 Ne6 34.
Nxe6 fxe6 35. Bg5 Rh7 36. Rf6 Kd7 37. Re1 Na4 38. Bc1 Ke7 39. Re3 a5 40. b3 Nb6
41. Ba3+ Kd7 42. b4 a4 43. Rg3 Rhg7 44. Bc1 Nc8 45. Bh6 Rh7 46. Bf8 Rhh8 47.
Bc5 Rh6 48. Rf7+ Kc6 49. Rgf3 g5 50. R3f6 Rxf6 51. exf6 Rg6 52. Rf8 Nd6 53.
Bxd6 Kxd6 54. Rd8+ Kc7 55. f7 Kxd8 56. f8=Q+ 1-0

[Event "Elit(Sollentuna-Farsta)"]
[Site "?"]
[Date "2008.10.25"]
[Round "1"]
[White "Hjelm, Niclas"]
[Black "Berg, Emanuel"]
[Result "0-1"]
[WhiteElo "2369"]
[BlackElo "2706"]
[PlyCount "98"]

1. d4 Nf6 2. Nf3 e6 3. g3 c5 4. Bg2 Nc6 5. c4 d5 6. cxd5 exd5 7. O-O Be6 8. Nc3
Be7 9. dxc5 Bxc5 10. Bg5 d4 11. Ne4 Be7 12. Bxf6 Bxf6 13. b4 a6 14. a4 Nxb4 15.
Nxf6+ Qxf6 16. Qxd4 a5 17. Rac1 O-O 18. Qxf6 gxf6 19. Nd4 Bd7 20. Bxb7 Ra7 21.
Bc6 Nxc6 22. Nxc6 Ra6 23. Ne7+ Kg7 24. Rfd1 Bxa4 25. Rd5 Bb3 26. Nf5+ Kg8 27.
Rb5 a4 28. Nd4 Be6 29. Nxe6 fxe6 30. Rc7 Rf7 31. Rc2 Rfa7 32. Ra2 Kf7 33. Kf1
e5 34. Ke1 Ke6 35. Kd2 Rd7+ 36. Kc3 Rd4 37. Rc5 Rb6 38. e3 Rd1 39. Kc2 Rbd6 40.
Rc6 R1d2+ 41. Kb1 Rxa2 42. Rxd6+ Kxd6 43. Kxa2 Kd5 44. f3 Kc4 45. g4 Kd3 46. f4
exf4 47. exf4 Ke4 48. f5 Kf4 49. h3 h6 0-1

[Event "Elit(Sollentuna-Farsta)"]
[Site "?"]
[Date "2008.10.25"]
[Round "1"]
[White "Ernst, Thomas"]
[Black "Jaderberg, Bjorn"]
[Result "1-0"]
[WhiteElo "2504"]
[BlackElo "2226"]
[PlyCount "109"]

1. e4 d5 2. exd5 Qxd5 3. Nc3 Qa5 4. d4 Nf6 5. Nf3 c6 6. Bc4 Bf5 7. Ne5 e6 8. g4
Be4 9. f3 Bd5 10. Qe2 Nbd7 11. Bd2 Bxc4 12. Nxc4 Qa6 13. Bf4 Nb6 14. Nd6+ Bxd6
15. Qxa6 bxa6 16. Bxd6 Nc4 17. Bc5 Kd7 18. O-O-O a5 19. Ne4 Ne3 20. Nxf6+ gxf6
21. Rd3 Nc4 22. Rc3 Nb6 23. Ra3 a4 24. b3 h5 25. bxa4 Rag8 26. a5 Nd5 27. Bxa7
hxg4 28. fxg4 Rxg4 29. Bc5 Nc7 30. a6 Ra8 31. a7 Nb5 32. Rb3 Kc8 33. h4 Nxa7
34. Ra3 Kb7 35. h5 Rg7 36. h6 Rh7 37. c4 Nc8 38. Rxa8 Kxa8 39. Kc2 Kb7 40. a4
Ka6 41. a5 f5 42. Kc3 f6 43. Bb4 Na7 44. Kd3 e5 45. Bc5 Nc8 46. Ke3 Na7 47. Kf3
Nc8 48. Kg3 Na7 49. Rb1 exd4 50. Rb6+ Kxa5 51. Rb1 Ka4 52. Rb4+ Ka5 53. Rb3 Nb5
54. cxb5 Rxh6 55. b6 1-0

[Event "Elit(Sollentuna-Farsta)"]
[Site "?"]
[Date "2008.10.25"]
[Round "1"]
[White "Lindeman, Sven"]
[Black "Poley, Vladimir"]
[Result "0-1"]
[WhiteElo "2212"]
[BlackElo "2478"]
[PlyCount "134"]

1. d4 g6 2. Nf3 Bg7 3. c3 d5 4. Bf4 Nh6 5. Nbd2 c6 6. h3 f6 7. e4 Nf7 8. Be2
O-O 9. Qb3 e6 10. g4 Nd7 11. Be3 Re8 12. h4 Nf8 13. g5 dxe4 14. gxf6 exf3 15.
fxg7 fxe2 16. gxf8=Q+ Kxf8 17. Nf3 Qd5 18. Qxd5 exd5 19. Rg1 Re4 20. Kd2 Bg4
21. Ng5 Nxg5 22. hxg5 Kg7 23. Rg3 Rf8 24. Rag1 Bf3 25. Rh3 Rf5 26. a4 Bh5 27.
a5 Rf3 28. Rxf3 Bxf3 29. Rg3 Bh5 30. Rh3 Kf7 31. Ke1 Ke6 32. Bd2 Rg4 33. f3 Rg2
34. Be3 Kf5 35. b4 Ke6 36. Bf4 Kd7 37. Be3 Kc8 38. Bf4 b6 39. a6 Rg1+ 40. Kxe2
Ra1 41. Be5 Rxa6 42. Rh4 Ra2+ 43. Ke3 Rc2 44. Rf4 Rxc3+ 45. Ke2 Kb7 46. Rf7+
Ka6 47. Bb8 Rb3 48. Rxh7 Bxf3+ 49. Kf2 Be4 50. Rxa7+ Kb5 51. Rb7 Rxb4 52. Bc7
Rxd4 53. Rxb6+ Kc5 54. Rb8 Rd2+ 55. Ke3 Rd3+ 56. Ke2 d4 57. Re8 Re3+ 58. Kd2
Kc4 59. Bd6 Rd3+ 60. Ke2 Bf3+ 61. Kf2 Bg4 62. Re5 Rf3+ 63. Ke1 Kd3 64. Ra5 Rf5
65. Ra3+ Ke4 66. Be7 c5 67. Rg3 Bf3 0-1

[Event "Elit(Sollentuna-Farsta)"]
[Site "?"]
[Date "2008.10.25"]
[Round "1"]
[White "Sagit, Rauan"]
[Black "Holm, Magnus"]
[Result "1-0"]
[WhiteElo "2404"]
[BlackElo "2209"]
[PlyCount "81"]

1. e4 d6 2. d4 Nd7 3. Nf3 g6 4. Bc4 e6 5. Bg5 Ne7 6. Nc3 a6 7. a4 b6 8. h4 h6
9. Bf4 Bg7 10. Qd2 Bb7 11. O-O Kf8 12. Rad1 Kg8 13. Qe2 Kh7 14. Bg3 Qe8 15.
Rfe1 Rf8 16. Qe3 Kh8 17. Bd3 Ng8 18. e5 d5 19. a5 c5 20. b3 cxd4 21. Qxd4 b5
22. Ne2 Ne7 23. Qe3 Nc6 24. Bf4 Kh7 25. c3 Nxa5 26. h5 Rg8 27. Nh4 Bf8 28. Qh3
Nxb3 29. Bc2 Nbc5 30. Nd4 Nb8 31. hxg6+ fxg6 32. Re3 Nc6 33. Ndf3 Nd8 34. Ng5+
Kh8 35. Rg3 Rc8 36. Nxg6+ Rxg6 37. Qh5 Rc7 38. Bxg6 Qe7 39. Nh7 Ne4 40. Bxe4
dxe4 41. Nf6 1-0

[Event "Elit(Sollentuna-Farsta)"]
[Site "?"]
[Date "2008.10.25"]
[Round "1"]
[White "Lagerborg, Krister"]
[Black "Bergstrom, Peter"]
[Result "0-1"]
[WhiteElo "2065"]
[BlackElo "2348"]
[PlyCount "102"]

1. e4 c6 2. d4 d5 3. e5 Bf5 4. Nf3 e6 5. Be2 Ne7 6. O-O c5 7. c3 Nec6 8. a3 c4
9. Be3 Be7 10. Nbd2 Nd7 11. Ne1 Qb6 12. g4 Bg6 13. Qc1 h5 14. g5 f6 15. h4 fxe5
16. Nxc4 dxc4 17. d5 Qc7 18. dxc6 Qxc6 19. Bf3 e4 20. Bg2 O-O-O 21. b3 cxb3 22.
Rb1 Qa4 23. c4 Bc5 24. Qc3 Bxe3 25. Qxe3 Qxa3 26. Rxb3 Qc5 27. Qc3 Nb6 28. Qxg7
Bf5 29. Qa1 Kb8 30. Nc2 Qxc4 31. Qb2 Rh7 32. Ra1 Rc7 33. Ne3 Qc5 34. Rb5 Qc3
35. Qa2 Nc8 36. Bf1 Rd2 37. Qa4 Qd4 38. Rb4 Qd7 39. Qa3 Rd4 40. Nc4 Qc6 41. Qb2
Qd5 42. Ra5 Qd8 43. Rab5 Nb6 44. Nxb6 Rxb4 45. Rxb4 axb6 46. Qa1 Rc5 47. Bb5
Qc8 48. Kg2 Bg4 49. Ra4 Bf3+ 50. Kh3 e5+ 51. Kh2 Qg4 0-1

[Event "Elit(Sollentuna-Farsta)"]
[Site "?"]
[Date "2008.10.25"]
[Round "1"]
[White "Tetenkina, Irina"]
[Black "Hedin, Gunnar"]
[Result "1/2-1/2"]
[WhiteElo "2285"]
[BlackElo "2175"]
[PlyCount "59"]

1. Nf3 f5 2. g3 Nf6 3. Bg2 g6 4. O-O Bg7 5. c4 O-O 6. Nc3 d6 7. d4 c6 8. d5 e5
9. dxe6 Bxe6 10. Bf4 Bxc4 11. Bxd6 Re8 12. Qd4 Be6 13. Rfd1 Ne4 14. Be5 Qxd4
15. Rxd4 Nxc3 16. bxc3 Na6 17. Bxg7 Kxg7 18. Ng5 Nc5 19. Nxe6+ Rxe6 20. e3 Rae8
21. Rad1 R8e7 22. Bf3 Re5 23. Kg2 Kf6 24. Rd8 Ne6 25. R8d6 Rc5 26. R1d3 Ra5 27.
Rd2 Rc5 28. R2d3 Ra5 29. Rd2 Rc5 30. R2d3 1/2-1/2

[Event "Elit(Sollentuna-Farsta)"]
[Site "?"]
[Date "2008.10.25"]
[Round "1"]
[White "Engstrom, Stefan"]
[Black "Azizi, Haroon"]
[Result "0-1"]
[WhiteElo "2067"]
[BlackElo "2230"]
[PlyCount "108"]

1. d4 d5 2. e3 Nf6 3. Bd3 c5 4. c3 Nc6 5. f4 Bg4 6. Nf3 e6 7. O-O Bd6 8. Qe1
Bf5 9. Be2 O-O 10. Ne5 Bxb1 11. Rxb1 Ne4 12. Bd3 f5 13. Bd2 Rc8 14. Rf3 cxd4
15. Nxc6 bxc6 16. cxd4 c5 17. Ba5 Qe7 18. dxc5 Bxc5 19. Ba6 Rb8 20. b4 Qd6 21.
Bd3 Bb6 22. Bxb6 Qxb6 23. Bxe4 fxe4 24. Rf2 Rbc8 25. g3 Rc4 26. Kg2 Rfc8 27. f5
exf5 28. Rxf5 Rc2+ 29. Rf2 Qf6 30. Kg1 Qxf2+ 31. Qxf2 Rxf2 32. Kxf2 Rc2+ 33.
Kg1 Kf7 34. b5 Ke6 35. b6 axb6 36. Rxb6+ Ke5 37. a4 Ra2 38. Rb7 Rxa4 39. Rxg7
Ra1+ 40. Kf2 Ra2+ 41. Kg1 Re2 42. Re7+ Kf6 43. Rd7 Ke6 44. Rxh7 Rxe3 45. Kf2
Ra3 46. g4 d4 47. g5 Ra2+ 48. Ke1 d3 49. Rh3 Kf5 50. Rg3 Kf4 51. g6 e3 52. Kf1
Rf2+ 53. Ke1 d2+ 54. Kd1 Rf1+ 0-1

[Event "Elit(Sollentuna-Farsta)"]
[Site "?"]
[Date "2008.10.25"]
[Round "1"]
[White "Aperia, Jakob"]
[Black "Iversen, Kent"]
[Result "1-0"]
[WhiteElo "1982"]
[BlackElo "2045"]
[PlyCount "95"]

1. c4 g6 2. g3 Bg7 3. Bg2 Nc6 4. Nc3 d6 5. d3 e5 6. e4 Nd4 7. h3 Ne7 8. Nge2
Nec6 9. Nxd4 exd4 10. Nd5 Be6 11. O-O O-O 12. Kh2 Bxd5 13. cxd5 Ne5 14. f4 Nd7
15. f5 Be5 16. Rf3 f6 17. h4 g5 18. h5 Qe8 19. Rf1 c5 20. Bd2 b5 21. Rc1 Rc8
22. Kh3 b4 23. Kg4 a5 24. a4 bxa3 25. bxa3 Ra8 26. Rb1 a4 27. Qc2 Qc8 28. Rb5
Qc7 29. Rfb1 Rfb8 30. Rxb8+ Nxb8 31. Qb2 Nd7 32. Qb7 Qd8 33. Qc6 Kf8 34. Rb7
Nb8 35. Qb5 Kg8 36. h6 Qc8 37. Rc7 Qf8 38. Rg7+ Kh8 39. Qb7 Na6 40. Rxh7+ Kg8
41. Rg7+ Kh8 42. Rf7 Qg8 43. Rh7+ Qxh7 44. Qxa8+ Qg8 45. Qxa6 Qf8 46. Qxa4 Kh7
47. Qd1 Qe8 48. Qh1 1-0

[Event "Elit(Rockaden-Solna)"]
[Site "?"]
[Date "2008.11.16"]
[Round "1"]
[White "Jonsson, Mikael"]
[Black "Blomqvist, Erik"]
[Result "0-1"]
[WhiteElo "2344"]
[BlackElo "2474"]
[PlyCount "40"]
[SourceDate "2008.11.23"]

1. d4 d5 2. c4 c6 3. Nf3 Nf6 4. e3 Bf5 5. cxd5 cxd5 6. Nc3 e6 7. Ne5 Nfd7 8.
Qb3 Qc7 9. Bd2 Nxe5 10. dxe5 Nc6 11. Rc1 Be7 12. Nb5 Qd7 13. Nd4 Nxd4 14. exd4
O-O 15. Bb5 Qd8 16. Bb4 Bxb4+ 17. Qxb4 Qg5 18. O-O Bh3 19. g3 Bxf1 20. Bxf1
Qxc1 0-1

[Event "Elit(Rockaden-Solna)"]
[Site "?"]
[Date "2008.11.16"]
[Round "1"]
[White "Olsson, Anders"]
[Black "Lindberg, Bengt"]
[Result "1/2-1/2"]
[WhiteElo "2468"]
[BlackElo "2414"]
[PlyCount "83"]

1. e4 c5 2. Nc3 a6 3. f4 b5 4. Nf3 Bb7 5. d3 d6 6. g3 g6 7. Bg2 Bg7 8. O-O Nc6
9. Be3 b4 10. Na4 Nf6 11. a3 a5 12. h3 O-O 13. g4 Nd7 14. c3 Rb8 15. d4 bxc3
16. bxc3 cxd4 17. cxd4 Na7 18. Qd3 d5 19. e5 Bc6 20. Nc3 Nb5 21. Ne2 Nc7 22.
Rfc1 Bb5 23. Qc2 Nb6 24. f5 Bxe2 25. Qxe2 Nc4 26. Nd2 Rb2 27. Qd3 Nxe3 28. Qxe3
Qb8 29. Rc6 Nb5 30. Rac1 Rd8 31. Bxd5 Nxd4 32. Qxd4 Bxe5 33. Qd3 Bf4 34. R1c2
Rxc2 35. Rxc2 Qe5 36. Bxf7+ Kxf7 37. Qxd8 Qe3+ 38. Kf1 Qxh3+ 39. Ke2 Qe3+ 40.
Kf1 Qh3+ 41. Ke2 Qe3+ 42. Kf1 1/2-1/2

[Event "Elit(Rockaden-Solna)"]
[Site "?"]
[Date "2008.11.16"]
[Round "1"]
[White "Karlsson, Tomas"]
[Black "Karlsson, Lars"]
[Result "0-1"]
[WhiteElo "2287"]
[BlackElo "2499"]
[PlyCount "124"]

1. e4 d6 2. d4 g6 3. Nc3 Bg7 4. Nf3 Nf6 5. Be2 O-O 6. O-O Nc6 7. h3 e5 8. Bg5
Nxd4 9. Nxd4 exd4 10. Qxd4 Nxe4 11. Bxd8 Bxd4 12. Bxc7 Bxc3 13. bxc3 Be6 14.
Bd3 Rac8 15. Ba5 Nxc3 16. Bb4 Rfd8 17. a4 Bc4 18. Bxc3 Bxd3 19. cxd3 Rxc3 20.
Rab1 Rd7 21. Rfd1 Rdc7 22. Rb4 Rc1 23. Rxc1 Rxc1+ 24. Kh2 Rc7 25. Kg3 Kg7 26.
Kf3 Kf6 27. Rh4 h5 28. Ke4 Rc5 29. Ke3 b6 30. Rb4 Ke6 31. h4 Kd7 32. f3 Rc2 33.
g4 hxg4 34. fxg4 Rh2 35. g5 Rh3+ 36. Ke2 Rh2+ 37. Ke3 Ra2 38. Rf4 Ke6 39. Re4+
Kd7 40. Rf4 Ke8 41. Re4+ Kf8 42. Rc4 d5 43. Rf4 Ke7 44. Rb4 Kd6 45. Rf4 Ke5 46.
Rb4 Rh2 47. Rg4 d4+ 48. Kf3 Rh3+ 49. Ke2 Re3+ 50. Kd2 Rf3 51. Re4+ Kd5 52. Rg4
a6 53. h5 gxh5 54. Rh4 Rf2+ 55. Ke1 Rf5 56. Rxh5 Kc5 57. Kd2 f6 58. Rh6 fxg5
59. a5 bxa5 60. Rxa6 Rf2+ 61. Ke1 Ra2 62. Rg6 a4 0-1

[Event "Elit(Rockaden-Solna)"]
[Site "?"]
[Date "2008.11.16"]
[Round "1"]
[White "Hermansson, Emil"]
[Black "Dalmau, Jorgen"]
[Result "1-0"]
[WhiteElo "2469"]
[BlackElo "2237"]
[PlyCount "61"]

1. e4 e5 2. Nf3 Nc6 3. Bb5 a6 4. Ba4 Nf6 5. O-O Be7 6. Re1 b5 7. Bb3 d6 8. c3
O-O 9. h3 Bb7 10. d4 Re8 11. Nbd2 Bf8 12. d5 Nb8 13. Nf1 Nbd7 14. N3h2 Rc8 15.
Bg5 h6 16. Bxf6 Qxf6 17. a4 Ra8 18. Ng3 g6 19. Qe2 Nc5 20. Bc2 c6 21. b4 Nxa4
22. Bxa4 bxa4 23. c4 Rec8 24. Rxa4 cxd5 25. cxd5 Qd8 26. Ng4 f5 27. exf5 Bxd5
28. fxg6 Bc6 29. Rxa6 Qg5 30. Rxa8 Bxa8 31. Qa2+ 1-0

[Event "Elit(Rockaden-Solna)"]
[Site "?"]
[Date "2008.11.16"]
[Round "1"]
[White "Johansson, Gunnar"]
[Black "Bator, Robert"]
[Result "0-1"]
[WhiteElo "2282"]
[BlackElo "2455"]
[PlyCount "84"]

1. d4 d5 2. c4 c6 3. Nc3 dxc4 4. e4 b5 5. a4 b4 6. Na2 Nf6 7. e5 Nd5 8. Bxc4 e6
9. Nf3 Be7 10. Bd2 a5 11. Nc1 Ba6 12. Qe2 Nb6 13. Bxa6 Nxa6 14. Be3 c5 15. Qb5+
Nd7 16. Nb3 Nc7 17. Qe2 cxd4 18. Nfxd4 Nxe5 19. Bf4 Ng6 20. Bxc7 Qxc7 21. Rc1
Qd7 22. O-O Qxa4 23. Ra1 Qd7 24. Nxa5 O-O 25. Ndc6 Nf4 26. Qe4 Nd5 27. Rfd1 Bf6
28. Nxb4 Bxb2 29. Rab1 Qa4 30. Nc4 Nc3 31. Nxb2 Qxd1+ 32. Rxd1 Nxe4 33. Nc6 Ra2
34. Nd3 Rfa8 35. f3 Ra1 36. Rf1 Rxf1+ 37. Kxf1 Ra1+ 38. Ke2 Nc3+ 39. Kd2 Nd5
40. Nd4 Rh1 41. h3 Rh2 42. Ne1 Nf4 0-1

[Event "Elit(Rockaden-Solna)"]
[Site "?"]
[Date "2008.11.16"]
[Round "1"]
[White "Engqvist, Thomas"]
[Black "Landgren, Andreas"]
[Result "1-0"]
[WhiteElo "2434"]
[BlackElo "2207"]
[PlyCount "76"]

1. c4 c5 2. Nf3 Nc6 3. d4 cxd4 4. Nxd4 Nf6 5. Nc3 e6 6. Ndb5 Bb4 7. Bf4 O-O 8.
Bc7 Qe7 9. Bd6 Bxd6 10. Qxd6 Ne8 11. Qxe7 Nxe7 12. g3 a6 13. Nd4 b6 14. Bg2 Rb8
15. O-O-O Bb7 16. Bxb7 Rxb7 17. Nc2 Nf6 18. Ne3 Rc8 19. Kb1 b5 20. cxb5 axb5
21. Rc1 d5 22. Rhd1 Ra8 23. b4 Rc8 24. Kb2 Nc6 25. Nc2 Ne5 26. Nd4 Nc4+ 27. Kb3
Rcb8 28. f4 g6 29. Rd3 Nd6 30. Nd1 Nfe4 31. Rc6 Nc4 32. Nc3 Nxc3 33. Rxc3 Ra8
34. Nc2 Rba7 35. a3 Nxa3 36. Rc8+ Kg7 37. Rxa8 Nxc2 38. Rxa7 Nd4+ 1-0

[Event "Elit(Rockaden-Solna)"]
[Site "?"]
[Date "2008.11.16"]
[Round "1"]
[White "Steneskog, Per"]
[Black "Hedman, Erik"]
[Result "0-1"]
[WhiteElo "2194"]
[BlackElo "2410"]
[PlyCount "79"]

1. d4 Nf6 2. c4 c5 3. e3 e6 4. Nc3 a6 5. a3 d5 6. Nf3 dxc4 7. Bxc4 b5 8. Ba2
Bb7 9. O-O Nbd7 10. Qe2 Be7 11. Rd1 Qb8 12. d5 exd5 13. Nxd5 Nxd5 14. Bxd5 Bxd5
15. Rxd5 Qb7 16. e4 O-O 17. Bg5 Rfe8 18. Bxe7 Rxe7 19. Rad1 Rae8 20. e5 f6 21.
Qc2 fxe5 22. Qf5 Nf6 23. Rxe5 c4 24. Rxe7 Qxe7 25. h3 Qc7 26. g4 Qc8 27. Qxc8
Rxc8 28. Ne5 Ne4 29. f4 Nc5 30. Kf2 Na4 31. Rd2 Kf8 32. Ke3 Rc7 33. Ke4 Ke7 34.
Kf5 Nc5 35. g5 g6+ 36. Nxg6+ hxg6+ 37. Kxg6 Nd3 38. f5 c3 39. Kh6 cxd2 40. f6+
0-1

[Event "Elit(Rockaden-Solna)"]
[Site "?"]
[Date "2008.11.16"]
[Round "1"]
[White "Zadruzny, Nicolaj"]
[Black "Bjarnehag, Peter"]
[Result "1-0"]
[WhiteElo "2314"]
[BlackElo "2187"]
[PlyCount "61"]

1. e4 c5 2. Nf3 Nc6 3. d4 cxd4 4. Nxd4 Nf6 5. Nc3 e5 6. Ndb5 d6 7. Bg5 a6 8.
Na3 b5 9. Bxf6 gxf6 10. Nd5 Bg7 11. c3 f5 12. exf5 Bxf5 13. Nc2 Be6 14. g3 O-O
15. Bg2 Rb8 16. O-O a5 17. Qd2 Qd7 18. Rad1 Kh8 19. Kh1 Rfd8 20. f4 Ne7 21.
Nce3 Nxd5 22. Bxd5 exf4 23. Rxf4 b4 24. c4 Qa7 25. Ng4 b3 26. a3 Bxd5+ 27. cxd5
Rbc8 28. Qd3 Rc2 29. Rdf1 f5 30. Rxf5 Qd4 31. Rf8+ 1-0

[Event "Elit(LASK-Limhamn)"]
[Site "?"]
[Date "2008.11.15"]
[Round "2"]
[White "Hector, Jonny"]
[Black "Lund, Esben"]
[Result "1-0"]
[WhiteElo "2616"]
[BlackElo "2488"]
[PlyCount "112"]

1. e4 c5 2. Nf3 Nc6 3. d4 cxd4 4. Nxd4 Nf6 5. Nc3 d6 6. Bc4 Bd7 7. Bb3 g6 8.
O-O Bg7 9. Re1 O-O 10. Bg5 h6 11. Nxc6 bxc6 12. Bh4 Qc7 13. Qe2 e5 14. Rad1 g5
15. Bg3 Rad8 16. Rd3 Bc8 17. Bc4 Nd7 18. Nd1 Nc5 19. Rd2 Ne6 20. Ne3 Nf4 21.
Qd1 Be6 22. Bb3 Rfe8 23. c4 Rd7 24. Nd5 Qb8 25. Re3 Rb7 26. Nc3 Bf8 27. Bxf4
exf4 28. Red3 Qc7 29. h4 Qa5 30. Ne2 Qe5 31. Nd4 c5 32. Nf3 Qg7 33. hxg5 hxg5
34. Ba4 Reb8 35. Bb3 Be7 36. Nh2 g4 37. Rd5 g3 38. fxg3 fxg3 39. Nf3 Bxd5 40.
Rxd5 Rxb3 41. axb3 Qxb2 42. Nd2 Qc3 43. Kf1 Kf8 44. Qh5 Bf6 45. Rxd6 Bd4 46.
Rd7 Qd3+ 47. Ke1 Bf2+ 48. Kd1 Qxd7 49. Qh8+ Ke7 50. Qe5+ Qe6 51. Qxb8 Qa6 52.
Ke2 Qa1 53. e5 Qa6 54. Qc7+ Kf8 55. Kf3 Qg6 56. Qd6+ Kg7 1-0

[Event "Elit(LASK-Limhamn)"]
[Site "?"]
[Date "2008.11.15"]
[Round "2"]
[White "Grandelius, Nils"]
[Black "Jepson, Christian"]
[Result "1-0"]
[WhiteElo "2554"]
[BlackElo "2444"]
[PlyCount "79"]

1. e4 e5 2. Nf3 Nc6 3. Bb5 Nf6 4. d3 Bc5 5. Bxc6 dxc6 6. O-O Qe7 7. Nbd2 Bg4 8.
Re1 Rd8 9. h3 Bh5 10. Nf1 Nd7 11. Ng3 Bxf3 12. Qxf3 g6 13. Be3 f6 14. Rad1 O-O
15. d4 Bb6 16. dxe5 Nxe5 17. Qe2 Rxd1 18. Rxd1 Rd8 19. Rxd8+ Qxd8 20. Nf1 Qd6
21. a3 Bd4 22. f4 Nf7 23. c3 Bb6 24. g3 Qe6 25. Bxb6 cxb6 26. Kg2 Nd6 27. Nd2
b5 28. Qd3 Kf7 29. Qd4 b6 30. g4 Ke7 31. e5 fxe5 32. fxe5 Nf7 33. Nf3 Qd5 34.
Qxd5 cxd5 35. Kg3 g5 36. Kf2 h6 37. Ke3 Ke6 38. Nd4+ Kxe5 39. Nxb5 a6 40. Nd4
1-0

[Event "Elit(LASK-Limhamn)"]
[Site "?"]
[Date "2008.11.15"]
[Round "2"]
[White "Schneider, Stefan"]
[Black "Semcesen, Daniel"]
[Result "1/2-1/2"]
[WhiteElo "2451"]
[BlackElo "2446"]
[PlyCount "92"]

1. d4 d5 2. c4 dxc4 3. e3 e5 4. Bxc4 exd4 5. exd4 Bd6 6. Nf3 Nf6 7. O-O O-O 8.
Nc3 Nc6 9. Bg5 h6 10. Bh4 Bg4 11. d5 Ne5 12. Be2 Ng6 13. Bg3 Nf4 14. Bxf4 Bxf4
15. Qd4 Bd6 16. Rfe1 Re8 17. Rad1 a6 18. h3 Bh5 19. Kf1 Qd7 20. Ng1 Bxe2+ 21.
Rxe2 Rxe2 22. Ngxe2 Qf5 23. Qd3 Qe5 24. g3 Re8 25. Kg2 Nd7 26. Ng1 Qf6 27. Nf3
g6 28. Rd2 Nc5 29. Qc2 Kg7 30. b4 Nd7 31. Ne4 Qd8 32. Nxd6 cxd6 33. Qc3+ Kg8
34. Rc2 Ne5 35. Nxe5 Rxe5 36. Qc8 Qxc8 37. Rxc8+ Kg7 38. Rb8 b5 39. Rb6 Rxd5
40. Rxa6 Kf6 41. Kf3 Ke6 42. Ke3 Re5+ 43. Kd3 Rd5+ 44. Ke3 Re5+ 45. Kd3 Rd5+
46. Ke3 Re5+ 1/2-1/2

[Event "Elit(LASK-Limhamn)"]
[Site "?"]
[Date "2008.11.15"]
[Round "2"]
[White "Tikkanen, Hans"]
[Black "Ahlander, Bjorn"]
[Result "1/2-1/2"]
[WhiteElo "2468"]
[BlackElo "2530"]
[PlyCount "93"]

1. d4 Nf6 2. c4 e6 3. Nc3 d5 4. cxd5 exd5 5. Bg5 Be7 6. e3 c6 7. Qc2 O-O 8. Bd3
Nbd7 9. Nge2 Re8 10. O-O Nf8 11. f3 c5 12. Rad1 c4 13. Bf5 Bxf5 14. Qxf5 g6 15.
Qc2 Ne6 16. Bxf6 Bxf6 17. e4 dxe4 18. fxe4 Bg7 19. e5 Qb6 20. Nd5 Qb5 21. Nec3
Qd7 22. Qf2 Rad8 23. Qh4 b5 24. Nf6+ Bxf6 25. exf6 b4 26. d5 bxc3 27. Qh6 a5
28. bxc3 Qa7+ 29. Kh1 Qb7 30. dxe6 fxe6 31. Rxd8 Rxd8 32. Qf4 Qf7 33. Qxc4 e5
34. Qb5 e4 35. Qxa5 Qxf6 36. Qb5 Qxc3 37. Qb7 e3 38. Qe7 Qd4 39. Qe6+ Kh8 40.
Qe7 Kg8 41. h3 Ra8 42. Qe6+ Kh8 43. Rf7 Rd8 44. Re7 Qf4 45. Qb3 Qf1+ 46. Kh2
Qf4+ 47. Kh1 1/2-1/2

[Event "Elit(LASK-Limhamn)"]
[Site "?"]
[Date "2008.11.15"]
[Round "2"]
[White "Tadjerbashi, Amir"]
[Black "Dragicevic, Drazen"]
[Result "0-1"]
[WhiteElo "2265"]
[BlackElo "2390"]
[PlyCount "68"]

1. e4 c5 2. Nf3 Nc6 3. d4 cxd4 4. Nxd4 Nf6 5. Nc3 e5 6. Ndb5 d6 7. Bg5 a6 8.
Na3 b5 9. Bxf6 gxf6 10. Nd5 f5 11. Bd3 Be6 12. O-O Bg7 13. Qh5 f4 14. c4 b4 15.
Nc2 Rb8 16. b3 a5 17. a3 bxa3 18. Rxa3 O-O 19. Rd1 Rb7 20. g3 Qc8 21. Re1 fxg3
22. hxg3 f5 23. exf5 Bxf5 24. Bxf5 Rxf5 25. Qg4 Qf8 26. Qe2 Rf3 27. Kg2 Rbf7
28. Rf1 e4 29. Nde3 Be5 30. Ng4 Bxg3 31. Qxe4 R3f4 32. Qxc6 Rxg4 33. Ne3 Rxf2+
34. Kg1 Rxf1+ 0-1

[Event "Elit(LASK-Limhamn)"]
[Site "?"]
[Date "2008.11.15"]
[Round "2"]
[White "Smith, Axel"]
[Black "Penalver, Osmani"]
[Result "1/2-1/2"]
[WhiteElo "2429"]
[BlackElo "2271"]
[PlyCount "71"]

1. d4 Nf6 2. c4 e6 3. Nf3 b6 4. g3 Ba6 5. Qc2 Bb7 6. Bg2 Bb4+ 7. Bd2 Be7 8. Nc3
d6 9. O-O Nbd7 10. Rad1 O-O 11. e4 Qc8 12. h3 c5 13. d5 exd5 14. exd5 Re8 15.
Rfe1 a6 16. a4 Qc7 17. Nh4 Bf8 18. Nf5 Rxe1+ 19. Rxe1 Re8 20. Rxe8 Nxe8 21. Ne4
Ndf6 22. Nxf6+ Nxf6 23. Bc3 Qd8 24. Qd2 Bc8 25. Qg5 Bxf5 26. Qxf5 Qd7 27. Qc2
Be7 28. a5 bxa5 29. Bxa5 Bd8 30. Bc3 Qb7 31. h4 Qc8 32. Bf3 Ne8 33. Qa4 Kf8 34.
Qc2 Kg8 35. Qa4 Kf8 36. Qc2 1/2-1/2